000 00609nam a2200193Ia 4500
008 151121s9999||||xx |||||||||||||| ||und||
082 _a813/शिरव
082 _bHNW-115141
100 _aशिरवळकर सुहास
245 _aसमथिंग
260 _b"दिलीपराज प्रकाशन प्रा। लि।, पुणे।"
260 _c2001
300 _a226
600 _aशिरवळकर सुहास
630 _aसमथिंग
700 _aशिरवळकर सुहास
730 _aसमथिंग
942 _cBOOK
999 _c1263881
_d1263878